| 000 | 00416pab a2200169 454500 | ||
|---|---|---|---|
| 008 | 180718b2007 xxu||||| |||| 00| 0 eng d | ||
| 100 | _aMehta, Niti | ||
| 245 | _aInstitutionalizing an innovative approach towards agricultural development | ||
| 260 | _c2007 | ||
| 300 | _ap.17-28. | ||
| 362 | _aJan-Jun | ||
| 650 | _aAgriculture | ||
| 700 | _aArya, Anita | ||
| 773 | _aAnvesak | ||
| 908 | _aN | ||
| 909 | _a75302 | ||
| 999 |
_c75302 _d75302 |
||